000 00498nam a22001577a 4500
003 OSt
005 20221026193850.0
008 221021b |||||||| |||| 00| 0 eng d
040 _cBiblioteca LadoV
082 _a708
_bG283a
100 _9204
_aGaviria, Maria Paz
245 _aARTBO 2017/
_bFeria Internacional de Arte de Bogota Catalogo, 13 edición/
260 _aColombia
_bCamara de Comercio de Bogota
_c2017
300 _a254p.
_c17x23cm
942 _2ddc
_c1
_h708
_iG283a
_n0
999 _c2354
_d2354